01564cam a22003857i 450000100090000000300090000900500170001800800410003502000180007603500240009404000880011804300120020608200270021810000270024524500810027225000210035326400460037430000590042033600260047933700280050533800270053349000510056050400510061165000430066265000430070565000510074865100480079965100500084765300170089765500170091490600450093194200120097699900170098895201730100518029675EG-ScBUE20230515100425.0140204r20172013enka f b 001 0 eng d a9781780763088 a(OCoLC)ocn828056418 aBTCTAbengerdacBTCTAdBDXdERASAdCDXdJHEdYNKdLMLdUKMGBdOCLCFdDLCdEG-ScBUE ae-uk-en04222a307.341609421bCAM1 aCampkin, Ben,eauthor.10aRemaking London :bdecline and regeneration in urban culture /cBen Campkin. aReprint edition. 1aLondon ;aNew York :bI.B. Tauris,c2017. axii, 242 pages :billustrations (some color) ;c24 cm. atextbtxt2rdacontent aunmediatedbn2rdamedia avolumebnc2rdacarrier1 aInternational library of human geography ;v19 aIncludes bibliographical references and index. 7aUrban renewalzEnglandzLondon.2BUEsh 7aCity planningzEnglandzLondon.2BUEsh 7aCommunity developmentzEnglandzLondon.2BUEsh 7aLondon (England)xSocial conditions.2BUEsh 7aLondon (England)xEconomic conditions.2BUEsh bARTcMay2023 vReading book a7bcbcccopycatd2encipf20gy-gencatlg 2ddccBB c30370d30341 00102ddc40708BaccahaMAINbMAINc1STd2023-05-15ePurchaseg804.00h37380l1o307.341609421 CAMp000056645r2025-07-15 00:00:00s2024-06-23v1005.00w2023-05-15yBB